000
00304nam a2200145Ia 4500
100
_a
Dangeti/ Pratap
650
_a
Machine learning
942
_c
BK
245
_a
Statistics for machine learning
260
_b
PACKT
_c
2017
082
_a
6.31
_b
DAN
300
_a
426
546
_a
ENGLISH
999
_c
22393
_d
22393